1243 1666 1685 1616 1317 1027 1542 1183 1544 1622 1126 1315 1872 1519 1942 1271 1159 1808 1833 1647 1363 1500 1658 1619 1156 1564 1597 1017 1682 1596 1097 1809 1806 1100 1040 1788 1422 1308 1973 1281 1168 1411 1725 1233 1965 1030 1698 1319 1455 1142 1167 1900 1218 1670 1135 1319 1798 1068 1157 1930 1131 1185 1799 1333 1924 1750 1405 1682 1857 1814 1303 1294 1863 1624 1665 1142 1514 1626 1832 1567 1433 1847 1966 1461 1880 1814 1407 1283 1470 1289 1461 1932 1759 1288 1515 1346 1171 1785 1721 BCNSPRNW ULIB Ver.6.0+V

เปลี่ยนเป็นภาษาไทย

Change to English
 แสดงรายละเอียดบรรณานุกรม
  กลับหน้าหลัก

Brief Record : Get Marc (ISO 2709) : E-mail record : QR code < ปิดหน้าต่าง
LEADER : 00000nam 2200000uu 4500
001    13399111411
003     ULIB
008    110624s||||||||th 000 0 tha d
020    9749325788 (ล.2)
050  4 BQ4190^bด319ต ล.2 2549
100 0  ดังตฤณ
245 10 เตรียมเสบียงไว้เลี้ยงตัว 2/^cดังตฤณ
260    กรุงเทพฯ :^bดีเอ็มจี,^c2549
300    164 :^bภาพประกอบ ;^c21 ซม.
650  7 การดำเนินชีวิต
650  7 ธรรมะกับชีวิตประจำวัน
945    ^p80^l0^i024158
995    ทศพร
999 ^a ใช้งานได้ทุกระบบ
รายการนี้ยังไม่มีแท็ก
คุณยังไม่ได้ล็อกอิน คุณสามารถมีกิจกรรมร่วมกับเว็บไซต์ได้ แต่ต้องล็อกอินก่อน ::
  ล็อกอิน

รายการสื่อสารสนเทศ

ลำดับที่ ประเภท เลขเรียก/บาร์โค้ด สถานที่ สถานะ
- ไม่พบข้อมูล -

รายการใกล้เคียง
    ผู้แต่ง [ดังตฤณ]

    หัวเรื่อง [การดำเนินชีวิต]
    หัวเรื่อง [ธรรมะกับชีวิตประจำวัน]

BibComment


ยังไม่เคยถูกคอมเมนท์

คอมเมนท์ทรัพยากรรายการนี้
  คอมเมนท์: เตรียมเสบียงไว้เล..


 Copyright 2026. Bcnsprnw @Library